000 00917nam a2200217Ia 4500
001 9099
003 GE_BSU
008 181216s||||||||xx |||||||||||||| ||und||
040 _cGE_BSU
100 _aლებანიძე,მურმან
245 _aჩემს გალაქტიონს მე ვკითხე ერთხელ...
245 _bლექსები
245 _cრედ.ნ.ბუხრაძე.მხატვ.გიორგი წერეთელი.ფოტომასალა დაამუშავა ოთარ ცქვიტინიძემ
260 _aთბილისი
260 _bგანათლება
260 _c1990
300 _a95გვ.პორტრ.ილ.19სმ.
653 _aლექსები
653 _aჩემს გალაქტიონს მე ვკითხე ერთხელ...
942 _cBK
999 _c42403
_d42403